Statistics for Taylor Swift - Tied Together with a Smile (Lyrics)

Click here to take the quiz!

General Stats

  • This quiz has been taken 3 times
  • The average score is 220 of 253

Answer Stats

Answer% Correct
a
100%
and
100%
And
100%
anyone
100%
baby,
100%
baby
100%
be
100%
But
100%
but
100%
coming
100%
cry
100%
don't
100%
go
100%
golden
100%
high,
100%
Hold
100%
I
100%
in
100%
into
100%
Is
100%
it
100%
jumping
100%
know
100%
knows
100%
letting
100%
losing
100%
might
100%
no
100%
not
100%
on,
100%
one
100%
smile
100%
smile,
100%
tell
100%
That
100%
that
100%
the
100%
The
100%
tied
100%
to
100%
together
100%
undone
100%
water's
100%
With
100%
with
100%
You
100%
you
100%
your
100%
You're
100%
you're
100%
all
67%
around
67%
at
67%
back
67%
beauty
67%
'Cause
67%
'cause
67%
change
67%
doesn't
67%
extra
67%
face
67%
guess
67%
he
67%
here
67%
It's
67%
it's
67%
like
67%
looking
67%
love
67%
mirror
67%
only
67%
pretty
67%
see
67%
Seems
67%
that's
67%
thinking
67%
true
67%
walk
67%
who
67%
away
33%
end
33%
giving
33%
Goodbye,
33%
his
33%
Hoping
33%
leaves
33%
Oh
33%
Oh,
33%
Oh-oh
33%
Oh-oh-oh
33%
out
33%
pay
33%
penny
33%
pocket
33%
price
33%
rain
33%
up
33%
wanted
33%
was
33%
will
33%
togther
0%
woah
0%

Score Distribution

Percentile by Number Answered

Percent of People with Each Score

Your Score History

You have not taken this quiz